| 000 | 00504nam a2200181Ia 4500 | ||
|---|---|---|---|
| 001 | 23252 | ||
| 005 | 20260414150925.0 | ||
| 008 | 260414t2008||||xx |||||||||||||| ||spa|| | ||
| 041 | _aESP | ||
| 082 |
_a627.58 _bC266 |
||
| 100 |
_aCopeiro del Villar Martínez, Enrique _eAUT |
||
| 245 | 0 |
_aDiques de escollera : _belementos del cálculo resistente y de la estima del oleaje |
|
| 260 | _c2008 | ||
| 300 |
_axxiii, 369 páginas : _c23 cm. |
||
| 650 | _a0 | ||
| 654 | _aCIC | ||
| 942 |
_cLIB _dJUS _fJUS _2ddc _n |
||
| 999 |
_c23252 _d23252 |
||